Ottobre /
Salvato in:
| Autore principale: | |
|---|---|
| Altri autori: | , , |
| Natura: | Libro |
| Lingua: | italiano |
| Pubblicazione: |
Milano :
SE,
\1987!
|
| Serie: | L'altra biblioteca ;
15 |
| Soggetti: | |
| Tags: |
Nessun Tag, puoi essere il primo ad aggiungerne!!
|
MARC
| LEADER | 00000nam a2200000 i 4500 | ||
|---|---|---|---|
| 001 | IT\ICCU\RAV\0153284 | ||
| 003 | ItRI | ||
| 005 | 20260220112526.0 | ||
| 008 | 910802s1987 it |||||| ||||| |||||c | ||
| 020 | |a 8877100559 | ||
| 040 | |b ita |c CDM | ||
| 041 | 7 | |a ita |2 ISO-639-2 | |
| 100 | 1 | |a Isherwood, Christopher |0 IT\ICCU\CFIV\006762 |4 aut | |
| 240 | 1 | 0 | |a October. - |9 Isherwood, Christopher |
| 245 | 1 | 0 | |a Ottobre / |c Christopher Isherwood ; disegni di Don Bachardy ; con un'intervista a Christopher Isherwood di W.I. Scobie ; traduzione di Maria Pia Tosti Croce. |
| 260 | |a Milano : |b SE, |c \1987! | ||
| 300 | |a 125 p. : |b ritr. ; |c 23 cm | ||
| 650 | 7 | |a ISHERWOOD, CHRISTOPHER |x Diari e memorie |2 scbi | |
| 700 | 1 | |a Tosti Croce, Maria Pia |0 IT\ICCU\RAVV\030298 | |
| 700 | 1 | |a Bachardy, Don |0 IT\ICCU\RAVV\062352 | |
| 700 | 1 | |a Scobie, W. I. |0 IT\ICCU\RAVV\062353 | |
| 830 | 2 | |a L'altra biblioteca ; |v 15 |0 IT\ICCU\CFI\0102982 | |
| 942 | |2 ddc |c BK | ||
| 952 | |0 0 |1 0 |2 ddc |4 0 |6 823_912000000000000_ISH_OTT |7 1 |9 1920 |a RA |b RA |d 2024-09-10 |l 0 |o 823.912 ISH OTT |p 9518 |r 2024-09-10 10:35:31 |w 2024-09-10 |y BK |z Donazione di Pietro Brentini | ||
| 952 | |0 0 |1 0 |4 0 |6 DOC_823_912000000000000_ISH |7 0 |9 16772 |a BO |b BO |d 2026-01-15 |i 17505 |l 0 |o DOC 823.912 ISH |p BO17505 |r 2026-01-15 23:19:27 |w 2026-01-15 |x [Sebina 5] [1 v.] |y BK |z 1 v. | ||
| 999 | |c 1699 |d 1699 | ||